000
00317nam a22001457a 4500
003
SGT
020
_a
97815-43344-71-4
082
_a
646.7
_b
MEH
100
_a
MEHETRE, GAUTAM
245
_a
COSMETIC SCIENCE
260
_a
INDIA
_b
S. VIKASH
_c
2021
300
_a
374
650
_a
COSMETIC SCIENCE
942
_2
ddc
_c
BK
999
_c
32495
_d
32495